00653nam a2200229 a 4500001001300000003000900013005001700022008004100039020000900080082001300089100001600102245004300118260005200161300000900213500003500222505001000257650001200267902000800279942000700287952011200294999001700406nice12345678IN_TiNIC20260116014442.0050524s1992 pata grp 000 0 eng  ac5000a823bAMI aAmir, Hamza aDastan-E-Amir Hamza, an Oriental Novel aPatnabKhuda Bakhsh Oriental Pub. Libraryc1992 a180p aincludes index and biblioraphy2 aNotes aFiction bSRS cBK 001040708StackRoom-aHMIbHMId2007-06-14g50.00l0o823 AMIp021153r2007-06-14v50.00w2005-05-24yBK c15387d15387